000 00623nam a2200157Ia 4500
008 100204s9999 xx 000 0 und d
082 _b12001
100 _aपांडे मालती (बवे )
245 _aमाझ्या संगीत जीवनाची वाटचाल
250 _a0
260 _b"श्रीविद्या प्रकाशन, पुणे"
_c1989
300 _a92
630 _aमाझ्या संगीत जीवनाची वाटचाल
730 _aमाझ्या संगीत जीवनाची वाटचाल
942 _cBOOK
999 _c456435
_d456432